| 000 | 00482 a2200193 4500 | ||
|---|---|---|---|
| 260 | _aParis | ||
| 100 | _aSEGUY,E. | ||
| 260 | _bEditions Paul Lechevalier | ||
| 245 | _aDictionnaire des termes techniques d'entomologie élémentaire:200 figures. | ||
| 300 | _a465p. | ||
| 650 | _aOUVRAGE DE REFERENCE | ||
| 650 | _aENTOMOLOGIE | ||
| 260 | _c1967 | ||
| 130 | _lFr. | ||
| 440 | _aEncyclopédie Entomologique-XLI | ||
| 690 | _aENTOMOLOGIE. | ||
| 999 |
_c24446 _d24446 |
||